000 01148nam a22003014a 4500
001 ebr10032500
003 CaPaEBR
006 m u
007 cr cn|||||||||
008 001129s2001 nyuab sb 000 0 eng
010 _z 00012702
020 _z0814766781 (pbk. : alk. paper)
020 _z081476679X (cloth : alk. paper)
040 _aCaPaEBR
_cCaPaEBR
035 _a(OCoLC)52733001
050 1 4 _aG535
_b.B26 2001eb
082 0 4 _a910.4/5
_221
245 0 0 _aBandits at sea
_h[electronic resource] :
_ba pirates reader /
_cedited by C.R. Pennell.
260 _aNew York :
_bNew York University Press,
_cc2001.
300 _aix, 351 p. :
_bill., maps.
504 _aIncludes bibliographical references.
533 _aElectronic reproduction.
_bPalo Alto, Calif. :
_cebrary,
_d2013.
_nAvailable via World Wide Web.
_nAccess may be limited to ebrary affiliated libraries.
650 0 _aPirates.
655 7 _aElectronic books.
_2local
700 1 _aPennell, C. R.
710 2 _aebrary, Inc.
856 4 0 _uhttp://site.ebrary.com/lib/rucke/Doc?id=10032500
_zAn electronic book accessible through the World Wide Web; click to view
999 _c63126
_d63126